000 00484nam a22001697a 4500
005 20251108172242.0
008 250721s1998 xx 000 0 ara d
082 1 4 _a924.15/سجس
100 1 _aالزبيدي، سعيد جاسم
245 1 0 _aأبو حاتم السجستاني الراويه /
264 1 _aعمان :
_bدار ازمنه،
_c1998.
300 _a152ص
650 1 7 _aاللغة العربية
650 1 7 _aالتراجم
942 _2ddc
_cBK
999 _c74288
_d74288